000 00382 a2200145 4500
005 20250527131749.0
020 _a0-316-76272-5
082 _a658.8 RUS
100 _aRUSS, F. A.
245 _aMarketing.
260 _aBoston,
_bLittle, Brown and Company,
_c1982.
300 _axxv, 582p.: ill.; figure, picture, table
_bIndex
_c24cm
700 _aKIRKPATRICK, C. A.
942 _2ddc
_cBKS
999 _c2739
_d2739